000 00646nam a2200241Ia 4500
003 OSt
005 20220924132013.0
006 a|||||r|||| 00| 0
007 ta
008 220923b |||||||| |||| 00| 0 tel d
024 _a345608
037 _cTextual
040 _aARTS
_cARTS
_btel
041 _2tel
_atel
082 _a0157,3NO6,1, 35J2
100 _aNeelakantam Tr.
_9203507
245 0 _aManava Hrudayalu
260 _aVijaywada
_bUdayasahithi India
300 _a102p.
_ccm.
650 _aBENGALI LITERATURE
942 _h0157,3NO6,1, 35J2
_cTEXL
_2CC
999 _c428959
_d428959